=LDR 00000nam 2200000 4500 =001 INLIS000000000029122 =005 20200803104846 =035 ##$$a 0010-061300000029122 =008 200803################g##########0#ind## =041 ##$$a Ind =082 ##$$a 2x5.4 =090 ##$$a 2x5.4, Hus p =100 ##$$a Husnuddu'at, Tgkn =245 1#$$a Puncak munajat /$c Tgkh Husnuddn'at ; editor, Setya Ardiansyah Badroezaman =260 ##$$a Surabaya :$b Dunia Ilmu,$c 2006 =300 ##$$a v, 158 hlm ; $c 21 x 14 cm. =650 #4$$a Doa dan Wirid =850 ##$$a NBPNMAT =084 ##$$a 2x5.4 HUS p =250 ##$$a cet. 2 =990 ##$$a 20800199 =990 ##$$a 20800201 =990 ##$$a 20800200 =990 ##$$a 20800202